Micro Visual Basic 6.0 Mcsd Training Kit (Record no. 300422)

MARC details
000 -LEADER
fixed length control field 00451nam a2200169Ia 4500
008 - FIXED-LENGTH DATA ELEMENTS--GENERAL INFORMATION
fixed length control field 230718s9999 xx 000 0 und d
041 ## - LANGUAGE CODE
Language code of text/sound track or separate title eng
082 ## - DEWEY DECIMAL CLASSIFICATION NUMBER
Classification number 005.26
Item number MIC
100 ## - MAIN ENTRY--PERSONAL NAME
Personal name Microsoft
9 (RLIN) 109114
245 ## - TITLE STATEMENT
Title Micro Visual Basic 6.0 Mcsd Training Kit
260 ## - PUBLICATION, DISTRIBUTION, ETC. (IMPRINT)
Date of publication, distribution, etc. 1999
Name of publisher, distributor, etc. Microsoft
300 ## - PHYSICAL DESCRIPTION
Extent 490
Accompanying material [OBSOLETE, CAN/MARC] Ref 707 C (11628)
365 ## - TRADE PRICE
Currency code Rs.
Price amount 2575.55
500 ## - GENERAL NOTE
Keywords 707 C
700 ## - ADDED ENTRY--PERSONAL NAME
Personal name Microsoft
9 (RLIN) 109114
906 ## - LOCAL DATA ELEMENT F, LDF (RLIN)
d B:92119-Jul-2000
c COMP
b 36.25
Holdings
Withdrawn status Lost status Source of classification or shelving scheme Reference No Damaged status Not for loan Home library Current library Date acquired Vendor Budget Code Cost, normal purchase price Bill number Full call number Barcode Date last seen Discount Cost, replacement price Bill Date Koha item type Original Barcode
    Dewey Decimal Classification Ref 707 C (11628)   Reference Cummins College of Engineering for Women Pune Cummins College of Engineering for Women Pune 22/07/2000 Mbs COMP 2539.30 921 005.26 CCEP-BK-11628 18/07/2023 36.25 2575.55 19/07/2000 Books 011628